LEADER 01078nam0 2200289 450 001 000018384 005 20181023153503.0 100 $a20081029d1972----km-y0itay50------ba 101 0 $aita 102 $aIT 105 $ay-------001yy 200 1 $a<>ruolo di riscossione$enatura ed efficacia oggettiva dell'iscrizione a ruolo del debito d'imposta$fGaspare Falsitta 210 $aPadova$cCedam$d1972 215 $aXV, 415 p.$d25 cm 225 2 $aPubblicazioni della Facoltà di giurisprudenza dell'Università di Padova$v61 410 0$12001$aPubblicazioni della Facoltà di giurisprudenza dell'Università di Padova 500 10$a<>ruolo di riscossione$933051 610 1 $aImposte dirette$aEsazione$aItalia 676 $a336$v17$9Finanza pubblica, tributi 676 $a343.4504$v19$9Diritto tributario. Italia 700 1$aFalsitta,$bGaspare$0109815 801 0$aIT$bUNIPARTHENOPE$c20081029$gRICA$2UNIMARC 912 $a000018384 951 $a323/67$b4939$cNAVA2 951 $a336/179$b19619$cNAVA4 996 $aRuolo di riscossione$933051 997 $aUNIPARTHENOPE